000 00414nam a22001697a 4500
003 SGT
020 _a9789356976967489
082 _a611
_bH25V
100 _aVEERAMANI, RAVEENDRA NATH,ed.
245 _aINDERBIR SINGH'S HUMAN EMBRYOLOGY
250 _a14TH
260 _aNEW DELHI
_bJAYPEE PUB.
_c2025
300 _a349
650 _aEMBRYOLOGY
653 _aINDERBIR SINGH, HUMAN, EMBRYOLOGY
942 _2ddc
_cBK
999 _c29008
_d29008